Starts with Cy- Quiz Stats

 Plays Quiz not verified by Sporcle

Challenge
Share
Tweet
Embed
Score 0/18 Timer 10:00
0 Plays Today
Clue Answer % Correct
Lance Armstrong’s sportcycling
93.1%
Another name for a hurricaneCyclone
90.5%
One-eyed TitanCyclops
90%
Mediterranean island nation, whose capital is NicosiaCyprus
85.3%
A greenish-blue, one of the subtractive primary colorscyan
80.1%
Sings “Girls Just Want to Have Fun”Cyndi Lauper
78.8%
Percussion instrument consisting of a concave brass disk; makes a loud crashing sound cymbal
75.8%
Prefix meaning computer-relatedcyber
75.3%
Someone with a scornful, habitually negative attitudecynic
68.8%
Clue Answer % Correct
Persian king from 550 to 529 BCCyrus the Great
50.2%
A young swan or the constellation named for the swancygnet or Cygnus
42.9%
Branch of biology that deals with cell formation, structure and functioncytology
33.3%
Nemesis of humanity in Battlestar GalacticaCylons
32.9%
American actress and dancer, famed for dancing with Gene Kelly in Singin in the RainCyd Charisse
19.9%
The Welsh (in Welsh)Cymry
17.7%
Ancient city in northeast Libya, home of the Simon who carried Jesus’s crossCyrene
15.2%
American entrepreneur who organized the trans-Atlantic cable project in the middle of the 1800sCyrus Field
1.7%
One of the fourteen Holy Helpers, drove an evil spirit from Emperor Diocletian’s daughter St. Cyriacus
1.3%

You're not logged in!

Compare scores with friends on all Sporcle quizzes.
OR
Log In

You Might Also Like...

Show Comments

Extras

Created Jun 14, 2010ReportNominate
Tags:start

Top Quizzes Today


Score Distribution

Your Account Isn't Verified!

In order to create a playlist on Sporcle, you need to verify the email address you used during registration. Go to your Sporcle Settings to finish the process.

Report this User

Report this user for behavior that violates our Community Guidelines.

Details: